Rozpoznaj polskich siatkarzy - Statystyki

Ogólne statystyki
  • Ten quiz został rozwiązany 614 razy
  • Średni wynik to 13 z 16
Statystyki odpowiedzi
Obrazkowy Odpowiedź % Poprawnych
Bartosz Kurek
99%
Wilfredo Leon
98%
Jakub Kochanowski
94%
Michał Kubiak
94%
Karol Kłos
92%
Aleksander Śliwka
91%
Fabian Drzyzga
91%
Mateusz Bieniek
90%
Paweł Zatorski
88%
Piotr Nowakowski
84%
Grzegorz Łomacz
82%
Bartosz Bednorz
71%
Bartosz Kwolek
70%
Artur Szalpuk
69%
Norbert Huber
68%
Dawid Konarski
67%
Nie znaleziono quizów pasujących do podanych kryteriów
Rozkład punktacji
Procent ludzi z każdym wynikiem
Percentyl według liczby udzielonych odpowiedzi
Twoja historia wyników
Nie rozwiązałeś tego quizu